[Event "Young Stars of the World 2008"]
[Site " Kirishi RUS"]
[Date "2008.11.16"]
[Round "1.2"]
[White "Giri, Anish"]
[Black "Zherebukh, Yaroslav"]
[Result "1/2-1/2"]
[WhiteElo "2466"]
[BlackElo "2473"]
[PlyCount "46"]
[EventDate "2008.??.??"]
[EventRounds "11"]
[EventCountry "RUS"]
[Source "lmi"]
[SourceDate "2008.11.15"]

1. e4 c5 2. Nf3 Nc6 3. Bb5 e6 4. Bxc6 bxc6 5. O-O Ne7 6. d3 Ng6 7. e5 f6 8.
exf6 Qxf6 9. Nc3 d5 10. Bg5 Qf5 11. Qd2 Rb8 12. Ne4 h6 13. Nh4 Nxh4 14. Bxh4 e5
15. Qa5 Rb6 16. Nxc5 g5 17. Bg3 Rb5 18. Qc7 Bxc5 19. Bxe5 Rh7 20. Qxc6+ Qd7 21.
Qg6+ Qf7 22. Qc6+ Qd7 23. Qg6+ Qf7 1/2-1/2

[Event "Young Stars of the World 2008"]
[Site " Kirishi RUS"]
[Date "2008.11.16"]
[Round "1.3"]
[White "Kovalev, Vladislav"]
[Black "Ganichev, Alexander"]
[Result "1-0"]
[WhiteElo "2318"]
[BlackElo "2148"]
[PlyCount "111"]
[EventDate "2008.??.??"]
[EventRounds "11"]
[EventCountry "RUS"]
[Source "lmi"]
[SourceDate "2008.11.15"]

1. e4 c5 2. Nf3 e6 3. Nc3 d6 4. d4 cxd4 5. Nxd4 Nf6 6. Be3 Be7 7. f3 Nc6 8. Qd2
a6 9. O-O-O O-O 10. g4 Nxd4 11. Qxd4 b5 12. h4 Qa5 13. Qb6 Qxb6 14. Bxb6 b4 15.
Ne2 d5 16. e5 Nd7 17. Bd4 f6 18. exf6 gxf6 19. f4 Bb7 20. Bg2 Rad8 21. Ng3 Bc5
22. Rhe1 Rfe8 23. g5 fxg5 24. hxg5 a5 25. Bh3 Bxd4 26. Rxd4 Nc5 27. Nh5 Ne4 28.
Bg2 Kf7 29. Red1 Nd6 30. Nf6 Rh8 31. Ng4 Nf5 32. R4d3 Ke7 33. Ne5 Nh4 34. Bh3
Ng6 35. Rf3 Rhf8 36. Nd3 Kd6 37. Bxe6 Kxe6 38. Nc5+ Kf5 39. Nxb7 Rd7 40. Nc5
Rd6 41. Nd3 d4 42. Rh1 Rf7 43. Rf2 Re7 44. Kd2 Rc6 45. Nc1 Rec7 46. Kd1 Rd6 47.
Rh3 Re7 48. Ne2 Re3 49. Rxh7 d3 50. Rf7+ Kg4 51. Nc1 dxc2+ 52. Kxc2 Kg3 53. Re2
Rxe2+ 54. Nxe2+ Kf3 55. Nc1 Nxf4 56. Nd3 1-0

[Event "Young Stars of the World 2008"]
[Site " Kirishi RUS"]
[Date "2008.11.16"]
[Round "1.4"]
[White "Firat, Burak"]
[Black "Paikidze, Nazi"]
[Result "1-0"]
[WhiteElo "2237"]
[BlackElo "2292"]
[PlyCount "85"]
[EventDate "2008.??.??"]
[EventRounds "11"]
[EventCountry "RUS"]
[Source "lmi"]
[SourceDate "2008.11.15"]

1. e4 c5 2. Nf3 d6 3. d4 cxd4 4. Nxd4 Nf6 5. Nc3 a6 6. Be3 e6 7. f3 b5 8. Qd2
b4 9. Na4 Nbd7 10. c4 bxc3 11. Nxc3 Bb7 12. Be2 Be7 13. O-O O-O 14. Rac1 Qb8
15. Rfd1 Rd8 16. Bf4 Ne5 17. Bg3 Nc6 18. Na4 Nxd4 19. Qxd4 Nh5 20. Bf2 Nf4 21.
Bf1 e5 22. Qb6 Ne6 23. Rc3 Rd7 24. Qb3 Bd8 25. Nb6 Bxb6 26. Qxb6 Qf8 27. Rcd3
Rad8 28. R3d2 d5 29. exd5 Bxd5 30. Qxa6 g6 31. Qa5 Nf4 32. g3 Ra8 33. Qc5 Qd8
34. gxf4 Ra5 35. Qb6 Qa8 36. Bh3 Rd8 37. Qf6 Re8 38. b4 Ra6 39. Qg5 f6 40. Qh6
Bf7 41. Bg2 Rxa2 42. fxe5 fxe5 43. b5 1-0

[Event "Young Stars of the World 2008"]
[Site " Kirishi RUS"]
[Date "2008.11.16"]
[Round "1.5"]
[White "Aghasaryan, Robert"]
[Black "Shimanov, Aleksandr"]
[Result "0-1"]
[WhiteElo "2236"]
[BlackElo "2476"]
[PlyCount "92"]
[EventDate "2008.??.??"]
[EventRounds "11"]
[EventCountry "RUS"]
[Source "lmi"]
[SourceDate "2008.11.15"]

1. c4 g6 2. d4 Bg7 3. Nc3 Nf6 4. e4 O-O 5. f3 d6 6. Nge2 c5 7. d5 e6 8. Ng3
exd5 9. cxd5 a6 10. a4 Nbd7 11. Be2 Ne8 12. O-O Rb8 13. Be3 Nc7 14. a5 b5 15.
axb6 Rxb6 16. Qd2 Rb4 17. Rab1 Qe8 18. Na2 Rb3 19. Bf2 Ne5 20. Qc2 Rb7 21. b4
c4 22. f4 Nd3 23. Bxd3 cxd3 24. Qxd3 Nb5 25. Rbc1 Re7 26. Rfe1 Qd8 27. Ne2 f5
28. Nd4 fxe4 29. Rxe4 Bxd4 30. Rxd4 Nxd4 31. Qxd4 Qd7 32. Nc3 Qg4 33. Bg3 Bf5
34. Qf2 Bd3 35. Qd4 Qf5 36. Rd1 Bc2 37. Rc1 Qd3 38. Qxd3 Bxd3 39. Rd1 Bf5 40.
Ra1 Rc8 41. Nd1 Rc4 42. h3 Rxb4 43. Kh2 Rb1 44. Rxb1 Bxb1 45. Nc3 Bd3 46. f5
Rc7 0-1

[Event "Young Stars of the World 2008"]
[Site " Kirishi RUS"]
[Date "2008.11.16"]
[Round "1.6"]
[White "Fedoseev, Vladimir"]
[Black "Swiercz, Dariusz"]
[Result "1/2-1/2"]
[WhiteElo "2312"]
[BlackElo "2478"]
[PlyCount "57"]
[EventDate "2008.??.??"]
[EventRounds "11"]
[EventCountry "RUS"]
[Source "lmi"]
[SourceDate "2008.11.15"]

1. e4 c5 2. Nf3 d6 3. d4 cxd4 4. Nxd4 Nf6 5. Nc3 a6 6. Be3 e5 7. Nde2 Be7 8.
Ng3 Be6 9. Qd2 O-O 10. Rd1 Nbd7 11. Nd5 Bxd5 12. exd5 Ng4 13. Nf5 Nxe3 14. Qxe3
g6 15. Nxe7+ Qxe7 16. Kd2 f5 17. Kc1 e4 18. f4 Nf6 19. h3 b5 20. g4 fxg4 21.
hxg4 Nxg4 22. Qg3 Nf6 23. f5 g5 24. Qxg5+ Kh8 25. Be2 Rg8 26. Rxh7+ Qxh7 27.
Qxf6+ Rg7 28. Rg1 Kg8 29. Qe6+ 1/2-1/2

[Event "Young Stars of the World 2008"]
[Site " Kirishi RUS"]
[Date "2008.11.17"]
[Round "2.1"]
[White "Lintchevski, Daniil"]
[Black "Swiercz, Dariusz"]
[Result "0-1"]
[WhiteElo "2502"]
[BlackElo "2478"]
[PlyCount "162"]
[EventDate "2008.??.??"]
[EventRounds "11"]
[EventCountry "RUS"]
[Source "lmi"]
[SourceDate "2008.11.15"]

1. d4 f5 2. Nc3 Nf6 3. Bg5 d5 4. Bxf6 exf6 5. e3 Be6 6. Nge2 Qd7 7. Nf4 Nc6 8.
a3 Ne7 9. Qf3 Bf7 10. Bd3 O-O-O 11. h4 h5 12. Qg3 g6 13. O-O-O Kb8 14. Kb1 Rg8
15. Bb5 Qd6 16. Ba4 c6 17. Bb3 Bh6 18. Nce2 Nc8 19. Rc1 Nb6 20. Nd3 Qxg3 21.
Nxg3 Nc4 22. Rcd1 Nd6 23. Ne2 Rh8 24. g3 Bg7 25. c3 Rde8 26. Bc2 Kc7 27. b3 a5
28. Ka2 Ra8 29. a4 Rhb8 30. Rb1 Ne4 31. Rhd1 Bh6 32. Kb2 b6 33. Nef4 Rg8 34.
Rh1 Rab8 35. Ra1 Kd7 36. Bd1 Rgc8 37. f3 Nd6 38. Kc2 c5 39. Kd2 Ke7 40. Nb2 Kf8
41. Be2 Rc7 42. Rac1 Rbc8 43. Ba6 Ra8 44. Be2 Rac8 45. Ba6 Rd8 46. Be2 Kg8 47.
Bd3 Bf8 48. Rhg1 Bh6 49. Rcf1 Re7 50. Rh1 Rde8 51. Re1 Rc7 52. Rc1 c4 53. bxc4
dxc4 54. Bc2 Rce7 55. Nd1 Rb8 56. Rb1 Reb7 57. Nf2 Be8 58. g4 hxg4 59. fxg4
Bxf4 60. exf4 fxg4 61. Nxg4 Kg7 62. Rhg1 Re7 63. Rge1 Rbb7 64. Ne3 Kf8 65. Nd5
Rxe1 66. Rxe1 Kf7 67. Rg1 Ke6 68. Ne3 f5 69. Rb1 Bc6 70. Rg1 Be8 71. Rb1 Bc6
72. Rg1 Kf6 73. d5 Be8 74. Rb1 Rb8 75. Ng2 Bf7 76. Ne3 Ke7 77. Bd1 Be8 78. Bc2
Kd7 79. h5 gxh5 80. Bxf5+ Nxf5 81. Nxf5 Bg6 0-1

[Event "Young Stars of the World 2008"]
[Site " Kirishi RUS"]
[Date "2008.11.17"]
[Round "2.2"]
[White "Shimanov, Aleksandr"]
[Black "Fedoseev, Vladimir"]
[Result "1-0"]
[WhiteElo "2476"]
[BlackElo "2312"]
[PlyCount "69"]
[EventDate "2008.??.??"]
[EventRounds "11"]
[EventCountry "RUS"]
[Source "lmi"]
[SourceDate "2008.11.15"]

1. Nf3 Nf6 2. c4 g6 3. g3 Bg7 4. Bg2 O-O 5. O-O d6 6. d4 Nc6 7. Nc3 a6 8. e3
Bf5 9. h3 Ne4 10. Ne2 g5 11. d5 Na5 12. Nfd4 Bg6 13. f4 gxf4 14. exf4 Bxd4+ 15.
Qxd4 c5 16. dxc6 Nxc6 17. Qe3 f5 18. b3 Nb4 19. Rb1 Nc2 20. Qd3 Qb6+ 21. Kh2
Nb4 22. Qd1 Bh5 23. g4 Bg6 24. a3 Nc6 25. Qd5+ Bf7 26. Qxf5 Nf6 27. Qg5+ Kh8
28. Bb2 Bg8 29. Ng3 Rf7 30. Qh6 Nd4 31. g5 Nd7 32. Ne2 e5 33. Nxd4 Raf8 34. Ne6
Re8 35. fxe5 1-0

[Event "Young Stars of the World 2008"]
[Site " Kirishi RUS"]
[Date "2008.11.17"]
[Round "2.3"]
[White "Paikidze, Nazi"]
[Black "Aghasaryan, Robert"]
[Result "1/2-1/2"]
[WhiteElo "2292"]
[BlackElo "2236"]
[PlyCount "132"]
[EventDate "2008.??.??"]
[EventRounds "11"]
[EventCountry "RUS"]
[Source "lmi"]
[SourceDate "2008.11.15"]

1. d4 d5 2. c4 e6 3. Nc3 c6 4. e4 dxe4 5. Nxe4 Bb4+ 6. Bd2 Qxd4 7. Bxb4 Qxe4+
8. Be2 Na6 9. Bd6 e5 10. Nf3 f6 11. O-O Be6 12. Bd3 Qg4 13. h3 Qh5 14. Qe2
O-O-O 15. Ba3 c5 16. b4 Nxb4 17. Bxb4 cxb4 18. a3 b3 19. Rab1 Ne7 20. Rxb3 Bd7
21. Qe3 Ba4 22. Rb4 Bc6 23. Be2 Kb8 24. Qc5 Qf7 25. Rfb1 Qe6 26. Qa5 Qd6 27.
R4b2 Qc7 28. Qb4 Nf5 29. Nd2 Nd4 30. Bf1 e4 31. c5 a5 32. Qc3 a4 33. Rb4 Qe5
34. Kh1 Nf3 35. Qxe5+ Nxe5 36. Nxe4 Nd3 37. Bxd3 Rxd3 38. Nd6 Rxh3+ 39. Kg1 Rb3
40. Nxb7 Rxb1+ 41. Rxb1 Kc7 42. Nd6 Bd5 43. Rb6 Bc6 44. Ra6 Bd7 45. Ra7+ Kc6
46. f3 Rb8 47. Rxa4 Kxc5 48. Ne4+ Kc6 49. Rc4+ Kb6 50. Kf2 Ra8 51. Rc3 Bc6 52.
Nd2 Bd5 53. Ke3 Ra4 54. Rd3 Kc6 55. Nb1 Ba2 56. Rc3+ Kd6 57. Nd2 Bd5 58. Kd3 h5
59. Ke3 Ke5 60. Rd3 g5 61. Nb1 Ba2 62. Nd2 h4 63. Rc3 f5 64. Rc5+ Bd5 65. Nb1
f4+ 66. Ke2 Rc4 1/2-1/2

[Event "Young Stars of the World 2008"]
[Site " Kirishi RUS"]
[Date "2008.11.17"]
[Round "2.4"]
[White "Ganichev, Alexander"]
[Black "Firat, Burak"]
[Result "1-0"]
[WhiteElo "2148"]
[BlackElo "2237"]
[PlyCount "65"]
[EventDate "2008.??.??"]
[EventRounds "11"]
[EventCountry "RUS"]
[Source "lmi"]
[SourceDate "2008.11.15"]

1. e4 c5 2. Nf3 Nc6 3. d4 cxd4 4. Nxd4 Nf6 5. Nc3 e5 6. Ndb5 d6 7. Bg5 a6 8.
Na3 b5 9. Bxf6 gxf6 10. Nd5 Be6 11. Bd3 f5 12. O-O Bxd5 13. exd5 Ne7 14. c4 Bg7
15. Bc2 e4 16. Rb1 O-O 17. b4 bxc4 18. Nxc4 Rc8 19. Bb3 f4 20. Qg4 Nxd5 21.
Rbd1 Nc3 22. Rxd6 Qe8 23. Rxa6 Rd8 24. Nd6 Qe5 25. Nf5 Kh8 26. Ra5 Qf6 27. Kh1
Bh6 28. b5 Rg8 29. Qh3 Bg7 30. Ra7 Rdf8 31. a4 Qe5 32. Bxf7 e3 33. Bg6 1-0

[Event "Young Stars of the World 2008"]
[Site " Kirishi RUS"]
[Date "2008.11.17"]
[Round "2.5"]
[White "Zherebukh, Yaroslav"]
[Black "Kovalev, Vladislav"]
[Result "1-0"]
[WhiteElo "2473"]
[BlackElo "2318"]
[PlyCount "136"]
[EventDate "2008.??.??"]
[EventRounds "11"]
[EventCountry "RUS"]
[Source "lmi"]
[SourceDate "2008.11.15"]

1. e4 e5 2. Nf3 Nc6 3. Bb5 a6 4. Ba4 Nf6 5. O-O Be7 6. Re1 b5 7. Bb3 O-O 8. c3
d6 9. h3 Nb8 10. d4 Nbd7 11. Nbd2 Bb7 12. Bc2 Re8 13. Nf1 Bf8 14. Ng3 g6 15. a4
c5 16. d5 c4 17. Bg5 Bg7 18. Qd2 Nc5 19. Nh4 Qd7 20. axb5 axb5 21. Rxa8 Rxa8
22. Qe3 Ne8 23. Qf3 Ra2 24. Rb1 h6 25. Be3 Qd8 26. Nhf5 gxf5 27. Nxf5 Qf6 28.
Qh5 Kh7 29. f4 Qg6 30. Nxg7 Nxg7 31. Qxg6+ fxg6 32. fxe5 Nd7 33. exd6 Ne8 34.
Bf4 Ra6 35. Rd1 Nxd6 36. e5 Ne8 37. e6 Nc5 38. d6 Nxe6 39. d7 Nf6 40. d8=Q Nxd8
41. Rxd8 Ra8 42. Rd6 Ra6 43. Rxa6 Bxa6 44. Be5 Kg7 45. Be4 Kf7 46. Bf3 Ke6 47.
Bd4 Nd5 48. Kf2 Ne7 49. Bc5 Bc8 50. g4 Bd7 51. Ke3 Nd5+ 52. Kd4 Nf4 53. h4 h5
54. Ba3 Be8 55. gxh5 gxh5 56. Kc5 Nd3+ 57. Kd4 Nf4 58. Bf8 Nd3 59. Bd5+ Kf6 60.
b4 cxb3 61. Bxb3 Nf4 62. Bh6 Ne6+ 63. Kd5 Nc7+ 64. Kd6 Na6 65. Bd2 Nb8 66. Bd5
Nd7 67. Bg5+ Kg6 68. Bc6 Nf6 1-0

[Event "Young Stars of the World 2008"]
[Site " Kirishi RUS"]
[Date "2008.11.17"]
[Round "2.6"]
[White "Bukavshin, Ivan"]
[Black "Giri, Anish"]
[Result "1-0"]
[WhiteElo "2376"]
[BlackElo "2466"]
[PlyCount "81"]
[EventDate "2008.??.??"]
[EventRounds "11"]
[EventCountry "RUS"]
[Source "lmi"]
[SourceDate "2008.11.15"]

1. d4 Nf6 2. c4 c5 3. d5 e6 4. Nc3 exd5 5. cxd5 d6 6. Nf3 g6 7. Bf4 a6 8. a4
Bg7 9. h3 O-O 10. e3 Nh5 11. Bh2 f5 12. Be2 f4 13. O-O Qe7 14. exf4 Nxf4 15.
Re1 Nd7 16. Bxa6 Ne5 17. Nxe5 Bxe5 18. Rxe5 Qxe5 19. Bf1 Bd7 20. Qe1 Rae8 21.
Qxe5 Rxe5 22. a5 g5 23. f3 Kf7 24. h4 h6 25. hxg5 hxg5 26. Bc4 Ke7 27. Bg3 Bc8
28. Kf2 g4 29. Rh1 Rh5 30. Re1+ Kd8 31. Re4 gxf3 32. Rxf4 Rxf4 33. Bxf4 fxg2
34. Kxg2 Ke7 35. Nb5 Bd7 36. Nxd6 Rh8 37. Nxb7 Ra8 38. a6 Bf5 39. d6+ Kd7 40.
Bb5+ Ke6 41. d7 1-0

[Event "Young Stars of the World 2008"]
[Site " Kirishi RUS"]
[Date "2008.11.18"]
[Round "3.1"]
[White "Giri, Anish"]
[Black "Lintchevski, Daniil"]
[Result "1/2-1/2"]
[WhiteElo "2466"]
[BlackElo "2502"]
[PlyCount "39"]
[EventDate "2008.??.??"]
[EventRounds "11"]
[EventCountry "RUS"]
[Source "lmi"]
[SourceDate "2008.11.15"]

1. e4 c6 2. d4 d5 3. Nd2 dxe4 4. Nxe4 Bf5 5. Ng3 Bg6 6. h4 h6 7. Nf3 Nd7 8. h5
Bh7 9. Bd3 Bxd3 10. Qxd3 e6 11. Bd2 Qc7 12. O-O-O Ngf6 13. Ne4 O-O-O 14. g3 Be7
15. c4 Nxe4 16. Qxe4 c5 17. Bf4 Bd6 18. Bxd6 Qxd6 19. Ne5 f5 20. Qe2 1/2-1/2

[Event "Young Stars of the World 2008"]
[Site " Kirishi RUS"]
[Date "2008.11.18"]
[Round "3.2"]
[White "Kovalev, Vladislav"]
[Black "Bukavshin, Ivan"]
[Result "1/2-1/2"]
[WhiteElo "2318"]
[BlackElo "2376"]
[PlyCount "63"]
[EventDate "2008.??.??"]
[EventRounds "11"]
[EventCountry "RUS"]
[Source "lmi"]
[SourceDate "2008.11.15"]

1. e4 c5 2. Nf3 d6 3. d4 cxd4 4. Nxd4 Nf6 5. Nc3 Nc6 6. Bc4 e6 7. Be3 Be7 8.
Qe2 a6 9. O-O-O Qc7 10. Bb3 Na5 11. g4 b5 12. g5 Nxb3+ 13. axb3 Nd7 14. Nf5
exf5 15. Nd5 Qd8 16. exf5 Bb7 17. f6 gxf6 18. Rhe1 Bxd5 19. Rxd5 Rg8 20. Rf5
Rb8 21. Bd2 fxg5 22. Ba5 Nb6 23. Qh5 Rf8 24. Rf3 Kd7 25. Qxh7 b4 26. c4 g4 27.
Rxf7 Rxf7 28. Qxf7 Rb7 29. Bxb6 Rxb6 30. Qe6+ Ke8 31. Qg8+ Kd7 32. Qe6+ 1/2-1/2

[Event "Young Stars of the World 2008"]
[Site " Kirishi RUS"]
[Date "2008.11.18"]
[Round "3.4"]
[White "Aghasaryan, Robert"]
[Black "Ganichev, Alexander"]
[Result "1/2-1/2"]
[WhiteElo "2236"]
[BlackElo "2148"]
[PlyCount "101"]
[EventDate "2008.??.??"]
[EventRounds "11"]
[EventCountry "RUS"]
[Source "lmi"]
[SourceDate "2008.11.15"]

1. d4 d5 2. c4 e6 3. Nc3 c6 4. cxd5 exd5 5. Nf3 Nf6 6. Bg5 Bf5 7. e3 Nbd7 8.
Be2 h6 9. Bh4 Be7 10. O-O O-O 11. a3 a5 12. Nd2 Re8 13. Re1 Nf8 14. Rc1 Ne4 15.
Ndxe4 dxe4 16. Bg3 Bd6 17. Na4 Bxg3 18. hxg3 Nd7 19. Qb3 Rb8 20. Qc2 Be6 21.
Nc3 Bf5 22. b4 axb4 23. axb4 Qg5 24. Qd1 Nf6 25. Na4 Bg4 26. Rc5 Qg6 27. Nc3
Bd7 28. b5 cxb5 29. Bxb5 Bxb5 30. Rxb5 Nd7 31. Qb3 b6 32. Nd5 Nf6 33. Nf4 Qg4
34. Rxb6 Rxb6 35. Qxb6 h5 36. Qb5 Rd8 37. Qe2 Qg5 38. Rc1 Rb8 39. Qd1 Rb5 40.
Rc8+ Kh7 41. Qc2 Ra5 42. Qc1 Ra6 43. Rc5 Qg4 44. d5 Qg5 45. Qd1 Qe5 46. Rc1 Rd6
47. Rc6 Rd7 48. Rc4 Kh6 49. Rd4 g5 50. Ne2 Rxd5 51. Nc3 1/2-1/2

[Event "Young Stars of the World 2008"]
[Site " Kirishi RUS"]
[Date "2008.11.18"]
[Round "3.5"]
[White "Fedoseev, Vladimir"]
[Black "Paikidze, Nazi"]
[Result "1/2-1/2"]
[WhiteElo "2312"]
[BlackElo "2292"]
[PlyCount "147"]
[EventDate "2008.??.??"]
[EventRounds "11"]
[EventCountry "RUS"]
[Source "lmi"]
[SourceDate "2008.11.15"]

1. e4 c6 2. d4 d5 3. e5 Bf5 4. Nd2 e6 5. Nb3 Nd7 6. c3 Bg6 7. Ne2 Qc7 8. Nf4
Ne7 9. h4 h6 10. Nxg6 Nxg6 11. Bd3 Ne7 12. Be3 Nc8 13. Qg4 Ncb6 14. f4 Nc4 15.
Bxc4 dxc4 16. Nd2 Nb6 17. Qe2 c5 18. dxc5 Bxc5 19. Nxc4 Bxe3 20. Nd6+ Ke7 21.
Qxe3 Nc4 22. Nxc4 Qxc4 23. b3 Qd5 24. O-O Rhd8 25. f5 Rac8 26. f6+ gxf6 27.
exf6+ Ke8 28. Qxh6 Rxc3 29. Rad1 Rd3 30. Rxd3 Qxd3 31. Qg5 Qd4+ 32. Kh1 Kd7 33.
Rf4 Qd1+ 34. Kh2 Qd6 35. g3 Qd2+ 36. Kh3 Qd1 37. Qb5+ Kc8 38. Rf1 Qd2 39. Qc5+
Kb8 40. Rc1 a6 41. Rc2 Qd1 42. Kh2 Rd5 43. Qc7+ Ka7 44. Rf2 Qe1 45. Qf4 Ka8 46.
Rc2 Rd8 47. Qc1 Qe5 48. Rf2 Rd4 49. Qh6 Rg4 50. Rg2 Ka7 51. Kh3 Qf5 52. Qe3+
Ka8 53. Rf2 Rf4+ 54. Kg2 Qd5+ 55. Kh2 Re4 56. Qg5 Qd1 57. Qd2 Qa1 58. Qd3 Qe5
59. Kg2 Re3 60. Qd8+ Ka7 61. Rf4 Qb2+ 62. Kh3 Qc1 63. Qd4+ Ka8 64. Kg2 Re2+ 65.
Rf2 Qc6+ 66. Kh2 Re1 67. Rg2 Qc1 68. Kh3 Rh1+ 69. Kg4 Qf1 70. Rf2 Qh3+ 71. Kf3
Re1 72. Qd8+ Ka7 73. Qd4+ Ka8 74. Qd8+ 1/2-1/2

[Event "Young Stars of the World 2008"]
[Site " Kirishi RUS"]
[Date "2008.11.18"]
[Round "3.6"]
[White "Swiercz, Dariusz"]
[Black "Shimanov, Aleksandr"]
[Result "0-1"]
[WhiteElo "2478"]
[BlackElo "2476"]
[PlyCount "146"]
[EventDate "2008.??.??"]
[EventRounds "11"]
[EventCountry "RUS"]
[Source "lmi"]
[SourceDate "2008.11.15"]

1. e4 c6 2. d4 d5 3. Nc3 dxe4 4. Nxe4 Bf5 5. Ng3 Bg6 6. N1e2 e6 7. Nf4 Bd6 8.
Nxg6 hxg6 9. Ne4 Be7 10. g3 Nf6 11. Bg2 Nxe4 12. Bxe4 Bg5 13. f4 Bf6 14. c3 Nd7
15. O-O a5 16. a4 Nb6 17. Qb3 Qc7 18. Re1 Rd8 19. Be3 Nd5 20. Bf2 Be7 21. Rac1
Nf6 22. Bf3 O-O 23. Re5 Bd6 24. Re2 Rd7 25. Rd1 Rfd8 26. Kg2 Nd5 27. Qc4 Nb6
28. Qb3 Nd5 29. Red2 Be7 30. Qc4 Nb6 31. Qb3 Nd5 32. Be2 Nf6 33. Qc2 c5 34. Bb5
Rd5 35. Bc4 R5d7 36. Bb5 Rd5 37. Bc4 R5d6 38. Be2 cxd4 39. Bxd4 Nd5 40. Bf3
R6d7 41. Kh1 Bc5 42. Be5 Qb6 43. Bxd5 Rxd5 44. Rxd5 Rxd5 45. Rxd5 exd5 46. Kg2
Qc6 47. Qd1 Qe6 48. Qd3 f6 49. Qxg6 Qc6 50. Bd4 Bxd4 51. cxd4 Qxa4 52. b3 Qb5
53. Qc2 Qd7 54. Qc3 b6 55. h3 Qe6 56. g4 Qe4+ 57. Kg3 b5 58. Qxa5 Qe3+ 59. Kg2
Qxb3 60. Qd8+ Kh7 61. Qd7 Qc2+ 62. Kg3 Qd3+ 63. Kh2 Qe2+ 64. Kg3 Qe3+ 65. Kg2
Qe4+ 66. Kg3 b4 67. Qa4 Qd3+ 68. Kh4 Qxd4 69. Qb3 Qf2+ 70. Qg3 Qxg3+ 71. Kxg3
b3 72. Kf3 Kg8 73. Ke3 b2 0-1

[Event "Young Stars of the World 2008"]
[Site " Kirishi RUS"]
[Date "2008.11.19"]
[Round "4.1"]
[White "Lintchevski, Daniil"]
[Black "Shimanov, Aleksandr"]
[Result "0-1"]
[WhiteElo "2502"]
[BlackElo "2476"]
[PlyCount "81"]
[EventDate "2008.??.??"]
[EventRounds "11"]
[EventCountry "RUS"]
[Source "lmi"]
[SourceDate "2008.11.15"]

1. e4 c6 2. d4 d5 3. Nc3 dxe4 4. Nxe4 Nd7 5. Bc4 Ngf6 6. Ng5 e6 7. Qe2 Nb6 8.
Bd3 h6 9. N5f3 c5 10. Be3 Qc7 11. Ne5 Nbd7 12. Ngf3 Bd6 13. O-O-O Nxe5 14. dxe5
Bxe5 15. Bb5+ Bd7 16. Nxe5 Qxe5 17. Bxd7+ Nxd7 18. Qf3 Nb6 19. Rhe1 Nc4 20. c3
Nxe3 21. Rxe3 Qc7 22. Red3 O-O 23. Rd7 Qxh2 24. g3 Qh3 25. Rxb7 e5 26. Qd5 Qf5
27. f4 Qg6 28. a4 exf4 29. gxf4 Qf6 30. Qe5 Qxe5 31. fxe5 Rfe8 32. Rdd7 Rxe5
33. Rxf7 Rg5 34. Rxa7 Rxa7 35. Rxa7 h5 36. a5 h4 37. Ra8+ Kh7 38. Rf8 Rg1+ 39.
Kd2 g5 40. Ke2 h3 41. a6 0-1

[Event "Young Stars of the World 2008"]
[Site " Kirishi RUS"]
[Date "2008.11.19"]
[Round "4.2"]
[White "Paikidze, Nazi"]
[Black "Swiercz, Dariusz"]
[Result "0-1"]
[WhiteElo "2292"]
[BlackElo "2478"]
[PlyCount "74"]
[EventDate "2008.??.??"]
[EventRounds "11"]
[EventCountry "RUS"]
[Source "lmi"]
[SourceDate "2008.11.15"]

1. d4 g6 2. c4 Bg7 3. Nf3 c5 4. d5 f5 5. Qc2 Na6 6. Nc3 Nf6 7. a3 O-O 8. g3 d6
9. Bg2 Nc7 10. O-O Rb8 11. a4 b6 12. Nd2 a6 13. b3 b5 14. Bb2 Bd7 15. Rfe1 Rb7
16. axb5 axb5 17. cxb5 Nxb5 18. Nxb5 Rxb5 19. e3 Qb8 20. Bf1 Rb6 21. Bc4 Qb7
22. Qd3 Bb5 23. Bc3 Nd7 24. Bxg7 Kxg7 25. f4 Nf6 26. Ra3 Bxc4 27. bxc4 Rb2 28.
Rb1 Rxb1+ 29. Nxb1 Rb8 30. Nc3 Qb2 31. Nb5 Ne4 32. Ra7 Kf7 33. Qf1 h5 34. Qa1
Qxa1+ 35. Rxa1 Nd2 36. Ra4 Nxc4 37. Rxc4 Rxb5 0-1

[Event "Young Stars of the World 2008"]
[Site " Kirishi RUS"]
[Date "2008.11.19"]
[Round "4.3"]
[White "Ganichev, Alexander"]
[Black "Fedoseev, Vladimir"]
[Result "0-1"]
[WhiteElo "2148"]
[BlackElo "2312"]
[PlyCount "106"]
[EventDate "2008.??.??"]
[EventRounds "11"]
[EventCountry "RUS"]
[Source "lmi"]
[SourceDate "2008.11.15"]

1. e4 e6 2. d4 d5 3. Nc3 a6 4. Be3 b5 5. exd5 exd5 6. Bd3 Nf6 7. a3 Nbd7 8. Nf3
Bd6 9. O-O O-O 10. Bg5 Bb7 11. Re1 h6 12. Bh4 Re8 13. Bf5 g5 14. Bg3 Bxg3 15.
hxg3 Ne4 16. Qd3 Ndf6 17. Nh2 Nd6 18. f4 Nfe4 19. Bg4 f5 20. Bh5 Re7 21. g4
gxf4 22. Qf3 Nxc3 23. bxc3 Re4 24. Rxe4 fxe4 25. Qxf4 Qg5 26. Qg3 Rf8 27. Nf1
Qf4 28. Qh4 Nf5 29. Qh3 Ng7 30. Ne3 Nxh5 31. Rf1 Qg3 32. Rxf8+ Kxf8 33. gxh5
Qxh3 34. gxh3 c6 35. Kg2 Bc8 36. Kg3 Kf7 37. h4 Kf6 38. Kh2 Bd7 39. Kg3 Ke7 40.
Kf4 Kd6 41. Nd1 Kc7 42. Ne3 Kb6 43. Ke5 Ka5 44. Kf6 Be8 45. Ke7 Bxh5 46. Kd6
Kb6 47. Kd7 Be2 48. Kd6 h5 49. Kd7 Bc4 50. Kd6 Ka5 51. Kxc6 Ka4 52. Kb6 Kxa3
53. Kxa6 Kb2 0-1

[Event "Young Stars of the World 2008"]
[Site " Kirishi RUS"]
[Date "2008.11.19"]
[Round "4.4"]
[White "Zherebukh, Yaroslav"]
[Black "Aghasaryan, Robert"]
[Result "1-0"]
[WhiteElo "2473"]
[BlackElo "2236"]
[PlyCount "65"]
[EventDate "2008.??.??"]
[EventRounds "11"]
[EventCountry "RUS"]
[Source "lmi"]
[SourceDate "2008.11.15"]

1. e4 c5 2. Nf3 e6 3. d4 cxd4 4. Nxd4 Nf6 5. Nc3 d6 6. g4 e5 7. Bb5+ Bd7 8.
Bxd7+ Qxd7 9. Nf5 h5 10. gxh5 Nxh5 11. Bh6 g6 12. Bxf8 gxf5 13. Bxd6 Nc6 14.
Bc5 Qxd1+ 15. Rxd1 b6 16. Ba3 Nd4 17. Kd2 O-O-O 18. Kc1 Nf4 19. Rd2 fxe4 20.
Nxe4 Nf3 21. Rxd8+ Kxd8 22. Nd6 Rh7 23. Rd1 Kc7 24. b3 Rxh2 25. Nxf7 Rxf2 26.
Bd6+ Kc8 27. Bxe5 Nxe5 28. Nxe5 Re2 29. Nc4 Kc7 30. a4 Re7 31. Kb2 a5 32. Rd4
Ng6 33. Nxb6 1-0

[Event "Young Stars of the World 2008"]
[Site " Kirishi RUS"]
[Date "2008.11.19"]
[Round "4.5"]
[White "Bukavshin, Ivan"]
[Black "Firat, Burak"]
[Result "1/2-1/2"]
[WhiteElo "2376"]
[BlackElo "2237"]
[PlyCount "116"]
[EventDate "2008.??.??"]
[EventRounds "11"]
[EventCountry "RUS"]
[Source "lmi"]
[SourceDate "2008.11.15"]

1. d4 d5 2. c4 c6 3. Nf3 Nf6 4. e3 a6 5. Bd2 Bg4 6. Qb3 Qc7 7. Ne5 Be6 8. cxd5
Bxd5 9. Qc2 Be4 10. Qb3 e6 11. Nc3 Bf5 12. f3 Nbd7 13. e4 Bg6 14. Bf4 Nxe5 15.
Bxe5 Qc8 16. Na4 Nd7 17. Nb6 Nxb6 18. Qxb6 Qd7 19. Bc4 f6 20. Bg3 Be7 21. Rd1
Bf7 22. O-O O-O 23. Rfe1 Rac8 24. Bb3 Rfd8 25. Kh1 Bf8 26. a3 Kh8 27. h3 Bg8
28. Ba4 Qf7 29. Kh2 Qd7 30. b4 Qf7 31. Rd3 Bd6 32. Bxd6 Rxd6 33. Red1 Rcd8 34.
Bb3 Qd7 35. Bc4 Qe7 36. Qa5 h6 37. Kg1 b5 38. Bb3 Qa7 39. Kh1 R8d7 40. Rc1 Rxd4
41. Rxd4 Rxd4 42. Rxc6 Rd3 43. Bc2 Rd2 44. Rc5 Qd7 45. Qc7 Qxc7 46. Rxc7 e5 47.
Rc3 Bc4 48. Kg1 Kh7 49. Bb3 Bxb3 50. Rxb3 Ra2 51. Kh2 Kg6 52. Kg3 Kf7 53. h4 h5
54. Rc3 Kg6 55. Rd3 Kh6 56. Rc3 Kg6 57. Rd3 Kh6 58. Rc3 Kg6 1/2-1/2